Nazioni più vicine all'Italia - Statistics

Statistiche generali
  • Questo quiz è stato fatto 1.089 volte
    518 dall'ultimo reset
  • Il punteggio medio è 23 su 28
Statistiche sulle risposte
Hint Risposta % Corretto
0 Francia
100%
0 Svizzera
99%
0 Austria
98%
60 km Germania
98%
340 km Spagna
95%
0 Città del Vaticano
94%
0 San Marino
94%
0 Slovenia
94%
75 km Albania
92%
12 km Croazia
91%
80 km Grecia
90%
0 Malta
86%
8 km Principato di Monaco
84%
70 km Tunisia
81%
170 km Montenegro
78%
320 km Slovacchia
78%
210 km Ungheria
76%
70 km Liechtenstein
75%
320 km Serbia
75%
215 km Algeria
74%
220 km Cechia
74%
270 km Libia
71%
460 km Andorra
70%
370 km Lussemburgo
69%
210 km Macedonia del Nord
69%
260 km Cossovo
67%
410 km Bulgaria
61%
160 km Bosnia-Erzegovina
45%
Nessun quiz corrispondente trovato
Distribuzione punteggi
Percentuale di utenti per punteggio
Percentile per numero di risposta
I tuoi punteggi nel tempo
Non hai fatto questo quiz dall'ultimo reset